UBT Library

Cognition : (Record no. 47196)

000 -LEADER
fixed length control field 00705cam a22002294a 4500
001 - CONTROL NUMBER
control field 14502901
005 - DATE AND TIME OF LATEST TRANSACTION
control field 20180817035552.0
008 - FIXED-LENGTH DATA ELEMENTS--GENERAL INFORMATION
fixed length control field 060817s2007 njua b 001 0 eng
010 ## - LIBRARY OF CONGRESS CONTROL NUMBER
LC control number 2006280829
020 ## - INTERNATIONAL STANDARD BOOK NUMBER
International Standard Book Number 0131736884
040 ## - CATALOGING SOURCE
Original cataloging agency DLC
Transcribing agency DLC
041 ## - LANGUAGE CODE
Language code of text/sound track or separate title eng
080 ## - UNIVERSAL DECIMAL CLASSIFICATION NUMBER
Edition identifier 3rd
Universal Decimal Classification number 101
082 ## - DEWEY DECIMAL CLASSIFICATION NUMBER
Classification number 101
100 1# - Rafti
Rafti Willingham, Daniel T.
101 ## - Shkurtesa
Shkurtesa 24
245 10 - TITLE STATEMENT
Title Cognition :
Statement of responsibility, etc Daniel T. Willingham.
504 ## - BIBLIOGRAPHY, ETC. NOTE
Bibliography, etc Includes bibliographical references (p. 523-558) and indexes.
906 ## - LOCAL DATA ELEMENT F, LDF (RLIN)
a 7
b cbc
c origcop
d 2
e ncip
f 20
g y-gencatlg
942 ## - ADDED ENTRY ELEMENTS (KOHA)
Source of classification or shelving scheme
Item type Books
Holdings
Withdrawn status Lost status Source of classification or shelving scheme Damaged status Not for loan Collection code Permanent location Current location Shelving location Date acquired Total Checkouts Full call number Barcode Date last seen Price effective from Koha item type
          Koleksioni i përgjithshem UBT - Lipjan UBT - Lipjan Koleksioni i përgjithshem 08/17/2018   101 WIL 002-3011511 08/17/2018 08/17/2018 Books
UBT Library © 2015-2024. All rights reserved University Education for Business and Technology